000 00751nmc a2200277 a 4500
003 AR-BaBNM
005 20251128202653.0
008 035020s2004 ||||||||||||||000 | spa||
020 _a987-1138-39-3
040 _cAR-BaBNM
100 1 _aNeruda, Pablo
245 1 0 _aMemorial de Isla Negra
250 _a1ª ed.
260 _aBuenos Aires
_bDebolsillo
_c2004
300 0 _a232 p.
490 0 _aContemporánea
500 0 _aEdición y notas de Hernán Loyola. Prólogo de José Emilio Pacheco
650 4 _aLITERATURA CHILENA
650 4 _aLITERATURA CONTEMPORANEA
650 4 _aPOESIA
655 _aLITERATURA
700 1 _aLoyola, Hernán
_eeditor
700 1 _aPacheco, José Emilio
_eprologuista
942 _cBK
998 _cme-solo cat
999 _c61
_d61